Trenerzy Mistrzów Francji w XXI wieku - Statystyki

Ogólne statystyki
  • Ten quiz został rozwiązany 45 razy
    16 od ostatniego zresetowania
  • Średni wynik to 11 z 25
Statystyki odpowiedzi
Sezon Klub Trener % Poprawnych
2025/25 Paris SG Luis Enrique
100%
2023/24 Paris SG Luis Enrique
100%
2019/20 Paris SG Thomas Tuchel
86%
2018/19 Paris SG Thomas Tuchel
86%
2012/13 Paris SG Carlo Ancelotti
79%
2021/22 Paris SG Mauricio Pochettino
79%
2009/10 Olympique Marsylia Didier Deschamps
71%
2015/16 Paris SG Laurent Blanc
71%
2014/15 Paris SG Laurent Blanc
71%
2013/14 Paris SG Laurent Blanc
71%
2008/09 Bordeaux Laurent Blanc
71%
2022/23 Paris SG Christophe Galtier
64%
2020/21 Lille Christophe Galtier
64%
2017/18 Paris SG Unai Emery
64%
2016/17 Monaco Leonardo Jardim
43%
2007/08 Olympique Lyon Alain Perrin
0%
2006/07 Olympique Lyon Gerard Houllier
0%
2005/06 Olympique Lyon Gerard Houllier
0%
2001/02 Olympique Lyon Jacques Santini
0%
2004/05 Olympique Lyon Paul Le Guen
0%
2003/04 Olympique Lyon Paul Le Guen
0%
2002/03 Olympique Lyon Paul Le Guen
0%
2000/01 Nantes Raynald Denoueix
0%
2011/12 Montpellier Rene Girard
0%
2010/11 Lille Rudi Garcia
0%
Nie znaleziono quizów pasujących do podanych kryteriów
Rozkład punktacji
Procent ludzi z każdym wynikiem
Percentyl według liczby udzielonych odpowiedzi
Twoja historia wyników
Nie rozwiązałeś tego quizu od ostatniego zresetowania